| 000 | 00868cab a2200241 4500 | ||
|---|---|---|---|
| 001 | WB2817-76 | ||
| 008 | 090401t1992 xxu||||| |||| 00| 0 eng d | ||
| 035 | _a(Sirsi) u51830 | ||
| 041 | _aeng | ||
| 245 | 4 | _aThe right tracks to the future | |
| 260 | _c1992 | ||
| 350 | _a0 | ||
| 490 |
_aYorkshire Post _v28 April 1992, 10(1) |
||
| 520 | _aTransPennine railways may benefit from a successful bid by Manchester to host the 2000 Olympics as this would probably attract funds from the Government and EC for electrification and improvements, and British Rail has prepared a strategy study for that eventuality. | ||
| 650 |
_aInfrastructure _96246 |
||
| 650 | _aNORTH OF ENGLAND | ||
| 650 | _aOLYMPIC GAMES 2000 | ||
| 650 | _aRAILWAYS | ||
| 650 | _aTRANSPENNINE RAILWAY NETWORK | ||
| 690 | _aTRANSPORT AND COMMUNICATIONS | ||
| 942 | _n0 | ||
| 948 | _c04/03/1997 | ||
| 999 |
_c32158 _d32158 |
||